000 00638cab a2200193 4500
001 ABS38141
008 090401t1987 xxu||||| |||| 00| 0 eng d
035 _a(Sirsi) u8895
041 _aeng
110 _aE C Harris
_91524
245 4 _aThe case for atria
260 _c1987
350 _a0
490 _aBuilding Design
_v(851) 4 September 1987, 12(1)
520 _aDiscusses the financial advantages and disadvantages of atria , outlining the savings which can be made, the extra costs which can be incurred and typical atrium building features.
690 _aBUILT ENVIRONMENT-BUILDING COSTS
942 _n0
948 _c04/03/1997
999 _c5509
_d5509